Reálnejšia cena práce lekárov Od prvého augusta bude v platnosti nový cenový výmer zdravotníckych výkonov

Od 1. augusta 1996 vstupuje do platnosti nový cenový výmer MF SR, ktorým sa menia doterajšie podmienky ohodnocovania zdravotníckych výkonov. 1. Ambulantná zdravotná starostlivosť primárna. 2. Ambulantná zdravotná starostlivosť špecializovaná. 3. Spoločné vyšetrovacie a liečebné zložky (SVaLZ). 4. Le...

Full description

Saved in:
Bibliographic Details
Main Author: Košťálová-Mošková, Mária
Format: Book Chapter
Language:Slovak
Subjects:
Tags: Add Tag
No Tags, Be the first to tag this record!

MARC

LEADER 00000naa a2200000 4500
001 r021624
005 20230801105427.3
041 0 |a slo 
044 |a SK 
245 1 0 |a Reálnejšia cena práce lekárov  |b Od prvého augusta bude v platnosti nový cenový výmer zdravotníckych výkonov  |c M. Košťálová-Mošková 
520 |a Od 1. augusta 1996 vstupuje do platnosti nový cenový výmer MF SR, ktorým sa menia doterajšie podmienky ohodnocovania zdravotníckych výkonov. 1. Ambulantná zdravotná starostlivosť primárna. 2. Ambulantná zdravotná starostlivosť špecializovaná. 3. Spoločné vyšetrovacie a liečebné zložky (SVaLZ). 4. Lekárska služba prvej pomoci (LSSP). 5. Lôžková starostlivosť. 6. Slovenské liečebné kúpele. 
610 2 0 |a zdravotníctvo 
610 2 0 |a starostlivosť zdravotná 
610 2 0 |a ceny 
610 2 0 |a výkonnosť 
610 2 0 |a cenníky 
610 2 0 |a MF SR Bratislava 
610 2 0 |a 1996 
610 2 0 |a práca 
610 2 0 |a lekárstvo 
100 1 |a Košťálová-Mošková, Mária